000 00590nam a2200229Ia 4500
003 OSt
005 20220923230634.0
006 a|||||r|||| 00| 0
007 ta
008 Pun
024 _a286,309
037 _cTextual
040 _aARTS
_cARTS
_bPun
041 _2Pun
_aPun
082 _aO153,3NGO,1, M0
100 _aਗੋਇਲ, ਐਮ0 ਆਰ0
245 0 _aਖੂFੀ ਦੇ ਅੱਥਰੂ
260 _c1980
650 _aਪੰਜਾਬੀ ਸਾਹਿਤ
942 _hO153,3NGO,1, M0
_cTEXL
_2CC
999 _c386201
_d386201